skbl

Dr Suryya Kumar Bhuyan Library Web-OPAC
ডঃ সূৰ্য্য
কুমাৰ ভূঞা পুথিভঁৰাল ৱেব-অ'পেক

All Research Scholars are advised to clear the annual library fees to continue using Library Resources, Remote Access, Plagiarism Test and Library Clearance.

Cotton University Book Fair 2026

Quality Control, Reliability and Operational Resaerch / (Record no. 6772)

MARC details
000 -LEADER
fixed length control field 00779nam a2200277Ia 4500
001 - CONTROL NUMBER
control field 6785
005 - DATE AND TIME OF LATEST TRANSACTION
control field 20240113233940.0
007 - PHYSICAL DESCRIPTION FIXED FIELD--GENERAL INFORMATION
fixed length control field ta
008 - FIXED-LENGTH DATA ELEMENTS--GENERAL INFORMATION
fixed length control field 050630s1985 a g b000 u eng u
040 ## - CATALOGING SOURCE
Original cataloging agency Cotton College,Assam
041 ## - LANGUAGE CODE
Language code of text/sound track or separate title eng
082 ## - DEWEY DECIMAL CLASSIFICATION NUMBER
Classification number 311.2
Item number Ch 349 Qu
100 ## - MAIN ENTRY--PERSONAL NAME
Personal name Chakravarty, S.C. .
245 #0 - TITLE STATEMENT
Title Quality Control, Reliability and Operational Resaerch /
Statement of responsibility, etc. S.C. Chakravarty, S.R. Mohan, Y.R. Rau.
Medium Reports
250 ## - EDITION STATEMENT
Edition statement 1st ed. /
260 ## - PUBLICATION, DISTRIBUTION, ETC.
Place of publication, distribution, etc. Calcutta :
Name of publisher, distributor, etc. Indian Statistical Institute ,
Date of publication, distribution, etc. 1985.
300 ## - PHYSICAL DESCRIPTION
Extent xiii, 232p. :
Other physical details ill. ;
Dimensions 24cm .
653 ## - INDEX TERM--UNCONTROLLED
Uncontrolled term Statistics
653 ## - INDEX TERM--UNCONTROLLED
Uncontrolled term Probability
653 ## - INDEX TERM--UNCONTROLLED
Uncontrolled term PG-Statistics
700 ## - ADDED ENTRY--PERSONAL NAME
Personal name Mohan, S.R. .
700 ## - ADDED ENTRY--PERSONAL NAME
Personal name Rau, Y.R. .
942 ## - ADDED ENTRY ELEMENTS (KOHA)
Source of classification or shelving scheme Dewey Decimal Classification
Koha item type Books
Holdings
Withdrawn status Lost status Damaged status Not for loan Collection Home library Current library Date acquired Coded location qualifier Total checkouts Full call number Barcode Date last seen Copy number Price effective from Koha item type
          Dr. Suryya Kumar Bhuyan Library Dr. Suryya Kumar Bhuyan Library 01/02/2012 00000   311.2 Ch 349 Qu 86157 13/01/2024 1 01/02/2012 Books

Designed and Maintained by Team SKBL
©1901-2026

Powered by Koha